000 01220nam a2200301 u 4500
001 790106
005 20260506095537.0
007 td
008 021207uuuuuuuuu spa
035 _a790106
040 _ccomduadb
041 _aspa
080 _aHS
100 1 0 _aVilla, Vicente B.
_4aut
_eaut
_9359274
245 1 0 _aA los senores prestamistas : impuestos
260 _aMedellĂ­n :
_bImprenta de la Sociedad,
_c1862.
520 3 _aSe ha comisionado a varios ciudadanos de Medellin, la distribucion entre los vecinos mas pudientes, de la contribucion forzosa de $65.000; los comisionados explican como seran los aportes y cuales seran los intereses que recibiran. Esta contribucion es necesaria para ayudar a equipar al ejercito.
650 _aImpuestos - Antioquia
_934787
650 _aAntioquia - Guerra civil, 1862
_984275
700 1 0 _aVasquez, Julian
_4aut
_eaut
_9517847
700 1 0 _aCorral, Manuel D.
_4aut
_eaut
_9367565
700 1 0 _aRestrepo, Marcelino
_4aut
_eaut
_9517465
700 1 0 _aSantamaria U., Alejo
_4aut
_eaut
_9328107
700 1 0 _aAlvarez, Francisco A.
_4aut
_eaut
_9523886
700 1 0 _aUribe, Juan
_4aut
_eaut
700 1 0 _aEcheverri, Gabriel
_4aut
_eaut
_9341251
942 _cBOOK
999 _c271101
_d271101